Bird Breeds By Picture - Statistics

General Stats
  • This quiz has been taken 26 times
  • The average score is 5 of 12
Answer Stats
Picture Answer % Correct
Parakeet/Budgerigar/Budgie
78%
Parrot
78%
Cockatoo
74%
Macaw
70%
Dove
61%
Cockatiel
57%
Finch
48%
Canary
30%
Lovebird
17%
Caique
13%
Rosellas
4%
Psittacula
0%
No matching quizzes found
Score Distribution
Percent of People with Each Score
Percentile by Number Answered
Your Score History
You have not taken this quiz